000 00633nam a2200193 4500
003 CO-ViMGA
020 _a9789583021381
040 _aCO-ViMGA
_bspa
_cCO-ViMGA
082 0 4 _a928.52
_bM48v
100 1 _aValencia Villa, Jaime,
_d1951.
_95568
245 1 0 _aYukio Mishima :
_bsamurái de la escritura /
_cJaime Valencia Villa.
260 _aColombia:
_bPanamericana,
_c2006.
300 _a140 p. :
_bil. ; 21.5 cm.
504 _aIncluye bibliografía.
650 1 4 _aMishima, Yukio,
_y1925-1970 - Personalidad.
_95570
650 1 4 _aMishima, Yukio,
_y1925-1970.
_95569
700 1 _aLópez de Mesa Oses, Diana,
_eed.
_91907
942 _cBK
_2ddc
999 _c36007
_d36007